000 00467nam a2200181Ia 4500
001 20140
005 20260306172744.0
008 260306t2007||||xx |||||||||||||| ||spa||
041 _aESP
082 _a342.53
_bR74
100 _aRodríguez Cuadros, Manuel
_eAUT
245 0 _aDelimitación marítima con equidad:
_bel caso del Perú y Chile
260 _c2007
300 _a414 páginas :
_c21cm.
650 _aGEN
654 _aCDE
942 _cLIB
_dJUS
_fJUS
_2ddc
_n
999 _c20140
_d20140